00686nam a2200217 a 450000100060000000300080000600500170001400800390003103500190007004000370008904100080012608200200013410000450015424500730019926000500027230000380032249000260036050400260038665000320041265000240044410884BD-RjUL20211208235032.0140125r19721971enka b 000 0 eng a(BD-RjUL)10933 aDLCcDLCdUKMdEQOdBD-RjULbeng aeng a547.2bWHG 19721 aWhitfield, Richard C.q(Richard Charles)12aA guide to understanding basic organic reactions /cR. C. Whitfield. aLondon :bLongmans,cc1971 [impression 1972]. aviii, 120 p. :btables. ;c22 cm.0 aConcepts in chemistry aBibliography: p. 119. 0aPhysical organic chemistry. 0aChemical reactions.